000 00936nam a22002897a 4500
003 CHAP
005 20220329135311.0
008 971013s1978 r 00010 d
010 _a34050
011 _a35022
035 _a39138
040 _cCHAP
082 _a301
_bM46
100 0 0 _aMendieta y Núñez, Lucio.
_974577
245 _aTemas sociológicos de actualidad
260 _aMéxico, D.F. :
_bUniversidad Nacional Autónoma de México. Instituto de Investigacones Sociales,
_c1978
300 _a238 p
590 _aBATCH-UPD
_b10
_c20130110
_lUCH01
_h0920
590 _aBATCH-UPD
_b10
_c20130410
_lUCH01
_h0542
590 _aBATCH-UPD
_b10
_c20130914
_lUCH01
_h1812
590 _aCONVERSION
_b10
_c20130109
_lUCH01
_h1319
650 1 4 _aMéxico
_xCondiciones sociales.
_976730
650 1 4 _aSociología.
_9108197
901 _aBK
942 _cLIBRO
949 _a301 M46
_bBC
_cLIBRO
_d33724000286563
_eLIBRO
_h50540
_i39138
_si
_t150.00
999 _c34050
_d34050